El siglo de los cirujanos (Record no. 134926)

MARC details
000 -LEADER
campo de control de longitud fija 00639nam a2200193 i 4500
001 - NÚMERO DE CONTROL
campo de control 134926
003 - IDENTIFICADOR DE NÚMERO DE CONTROL
campo de control ES-MaACL
005 - FECHA Y HORA DE LA ÚLTIMA TRANSACCIÓN
campo de control 20230906194754.0
007 - CAMPO FIJO DE DESCRIPCIÓN FÍSICA--INFORMACIÓN GENERAL
campo de control de longitud fija t|
008 - DATOS DE LONGITUD FIJA--INFORMACIÓN GENERAL
campo de control de longitud fija 070703s1958 sp ||||1| spa d
080 ## - NÚMERO DE LA CLASIFICACIÓN DECIMAL UNIVERSAL
Número de la Clasificación Decimal Universal 617"18"
100 1# - ENTRADA PRINCIPAL--NOMBRE DE PERSONA
Nombre de persona Thorwald, Jürgen.
9 (RLIN) 110160
245 13 - MENCIÓN DEL TÍTULO
Título El siglo de los cirujanos
Resto del título : según las notas de mi abuelo, el cirujano H.St. Hartmaun /
Mención de responsabilidad, etc. Jürgen Thorwald ; [traducción del alemán por E. Donato Prunera].
250 ## - MENCION DE EDICION
Mención de edición [1ª ed.].
260 ## - PUBLICACIÓN, DISTRIBUCIÓN, ETC.
Lugar de publicación, distribución, etc. Barcelona :
Nombre del editor, distribuidor, etc. Destino,
Fecha de publicación, distribución, etc. 1968.
300 ## - DESCRIPCIÓN FÍSICA
Extensión 462 p. :
Otras características físicas il. ;
Dimensiones 25 cm.
700 1# - ENTRADA AGREGADA--NOMBRE PERSONAL
Nombre de persona Donato Prunera, E.
9 (RLIN) 45296
852 ## - LOCALIZACIÓN
Ubicación ES-MaACL
Número de control de estantería C-15463
Sublocalización o colección R.43680
Holdings
Estatus retirado Estado de pérdida Estado de daño No para préstamo Biblioteca de origen Biblioteca actual Ubicación en estantería Fecha de adquisición Fuente de adquisición Total de préstamos Signatura topográfica completa Código de barras Visto por última vez Precio de reemplazo Tipo de ítem Koha
        Biblioteca del Ateneo de Madrid Biblioteca del Ateneo de Madrid Ficheros 17/01/2008     C-15463 1140440 23/02/2023 23/02/2023 Libro impreso